000 00851nam a2200229 a 4500
001 1373
003 BR-CuiBMT
005 20231206011713.0
008 231206s2002 mtba 000 0 por d
020 _a8587226169
040 _aBR-CuiBMT
_cBR-CuiBMT
080 _22007
_a017:272
_x(817.2)(091)
090 _a017:272(817.2)(091)
_bM533
245 0 0 _aMemória da igreja em Mato Grosso :
_bo arquivo da Cúria Metropolitana de Cuiabá : catálogo de documentos históricos /
_cCoordenação: Maria Adenir Peraro ; organizadora: Elizabeth Madureira Siqueira.
260 _aCuiabá :
_bEntrelinhas,
_c2002.
300 _a255 p. :
_bil. ;
_c30 cm
504 _aInclui bibliografia.
650 _aArquivo e arquivamento de documentos
650 _aIgreja católica
_vhistória
_zBrasil
700 1 _aSiqueira, Elizabeth Madureira
_4org.
942 _2udc
_cLV
999 _c1373
_d1373